Statistics for Country Flags Part 1

Click here to take the quiz!

General Stats

  • This quiz has been taken 5 times
    (4 since last reset)
  • The average score is 26 of 28

Answer Stats

Answer% Correct
Algeria
100%
Chile
100%
China
100%
Croatia
100%
Egypt
100%
Indonesia
100%
Iran
100%
Italy
100%
Latvia
100%
Lebanon
100%
Pakistan
100%
Qatar
100%
Saudi Arabia
100%
South Africa
100%
Spain
100%
Sri Lanka
100%
Switzerland
100%
Thailand
100%
Ukraine
100%
United States of America
100%
Venezuela
100%
Belarus
75%
Guatemala
75%
Madagascar
75%
Mali
75%
South Sudan
75%
Mozambique
50%
Tuvalu
25%

Score Distribution

Percentile by Number Answered

Percent of People with Each Score

Your Score History

You have not taken this quiz since the last reset